000 00713nam a2200289Ia 4500
005 20260324113129.0
008 008 260324s9999 xx 000 0 eng d
020 _a9781003481638
037 _aEBOOK
040 _aCRL
040 _beng
040 _cCRL
041 _2eng
041 _aeng
084 _qCRL
100 _aAllyson N. May
_91145540
245 0 _aClass, Servitude, and the Criminal Justice System in Early Victorian London
245 4 _bThe Russell Murder
260 _bTaylor and Francis
260 _c2024
365 _a
365 _b240
856 _uhttp://www.taylorfrancis.com/books/9781003481638
942 _cEBOOK
999 _c1735031
_d1735031